Online
Catalog

Matemática actualizada 2 : (Record no. 37136)

MARC details
000 -CABECERA
campo de control de longitud fija 01661nam a2200277 i 4500
001 - NÚMERO DE CONTROL
campo de control 000037646
003 - IDENTIFICADOR DEL NÚMERO DE CONTROL
campo de control DO-SdBNP
005 - FECHA Y HORA DE LA ÚLTIMA TRANSACCIÓN
campo de control 20230925150742.0
007 - CAMPO FIJO DE DESCRIPCIÓN FÍSICA--INFORMACIÓN GENERAL
campo de control de longitud fija ta
008 - DATOS DE LONGITUD FIJA--INFORMACIÓN GENERAL
campo de control de longitud fija 091124s1978 sp a 000 0 spa d
020 ## - NÚMERO INTERNACIONAL ESTÁNDAR DEL LIBRO
Número Internacional Estándar del Libro 8439984553
040 ## - FUENTE DE LA CATALOGACIÓN
Centro catalogador/agencia de origen DO-SdBNP
Lengua de catalogación spa
Centro/agencia transcriptor BNPHU
Normas de descripción rda
082 #4 - NÚMERO DE LA CLASIFICACIÓN DECIMAL DEWEY
Número de edición 22
100 1# - ENTRADA PRINCIPAL--NOMBRE DE PERSONA
Nombre de persona Marcelo, Nidia,
9 (RLIN) 1256
Término indicativo de función/relación autora
245 10 - MENCIÓN DE TÍTULO
Título Matemática actualizada 2 :
Resto del título segundo curso de primaria /
Mención de responsabilidad, etc. Nidia Marcelo.
264 ## - PRODUCCIÓN, PUBLICACIÓN, DISTRIBUCIÓN, FABRICACIÓN Y COPYRIGHT
Producción, publicación, distribución, fabricación y copyright Santo Domingo :
Nombre del de productor, editor, distribuidor, fabricante Susaeta,
Fecha de producción, publicación, distribución, fabricación o copyright 1978.
300 ## - DESCRIPCIÓN FÍSICA
Extensión 108 páginas :
Otras características físicas ilustraciones ;
Dimensiones 25 cm.
336 ## - TIPO DE CONTENIDO
Fuente rdacarrier
Término de tipo de contenido texto
Código de tipo de contenido txt
337 ## - TIPO DE MEDIO
Fuente rdamedia
Nombre/término del tipo de medio sin mediación
Código del tipo de medio n
338 ## - TIPO DE SOPORTE
Fuente rdacarrier
Nombre/término del tipo de soporte volumen
Código del tipo de soporte nc
490 ## - MENCIÓN DE SERIE
Mención de serie Escuela dominicana ;
505 ## - NOTA DE CONTENIDO CON FORMATO
Título Conjuntos --
-- Pertenencia, no pertenencia --
-- Subconjuntos --
-- Números naturales. La decena --
-- Números naturales. La centena --
-- Mayor , menor, igual, simbología --
-- Números ordinales --
-- Unión de conjuntos disjuntos. Adición entre números --
-- Propiedad de la adición --
-- Ejercicios de adicion --
-- Adición reagrupando --
-- Sucesción de cardinales --
-- Números romanos --
-- Conjunto complementario. Sustración entre números naturales --
-- Sustración reagrupando --
-- Multiplicación entre números naturales --
-- Múltiplos --
-- Ejercicios de multiplicación --
-- Múltiplos --
-- Ejercicios de adición --
-- La división como repartición --
-- La división --
-- La fracción --
-- Geometría --
-- Revisión desena, centena, mil --
-- El metro y el litro --
-- La moneda --
-- El reloj --
-- Los días de la semanas --
-- Los meses del año --
-- Ejercicios de adición y sustración /
590 ## - NOTA LOCAL (RLIN)
Nota local Inventariado, 2023/BT
910 ## - DATOS DE OPCIÓN DEL USUARIO (OCLC)
Datos de opción del usuario Btavárez
942 ## - ELEMENTOS DE PUNTO DE ACCESO ADICIONAL (KOHA)
Fuente del sistema de clasificación o colocación Dewey Decimal Classification
Tipo de ítem Koha Libro
Holdings
Estado de retiro Estado de pérdida Fuente del sistema de clasificación o colocación Restricciones de uso No para préstamo Código de colección Localización permanente Ubicación/localización actual Ubicación en estantería Fecha de adquisición Total de préstamos Signatura topográfica completa Código de barras Fecha visto por última vez Precio válido a partir de Tipo de ítem Koha Fuente de adquisición Número de copia Nota pública
    Dewey Decimal Classification Excluido de préstamo   Patrimonio Dominicano Biblioteca Nacional Pedro Henríquez Ureña Biblioteca Nacional Pedro Henríquez Ureña En catalogación 23.10.2012   BNPHU PD 37646-10 25.06.2020 25.06.2020 Libro      
    Dewey Decimal Classification Excluido de préstamo   Patrimonio Dominicano Biblioteca Nacional Pedro Henríquez Ureña Biblioteca Nacional Pedro Henríquez Ureña En catalogación 03.07.2015   BNPHU PD 37646-20 25.06.2020 25.06.2020 Libro Donación e. 2 Perteneció a la biblioteca personal de Bárbara Suncar.

Powered by Koha